Score 0/16 Timer 10:00
0 Plays Today
Hint Answer % Correct
#1 SeedMartin Truex Jr.
97.5%
#3 SeedKyle Busch
97.5%
#12 SeedKurt Busch
95%
#4 SeedBrad Keselowski
93.8%
#5 SeedJimmie Johnson
93.8%
#10 SeedChase Elliott
92.5%
#7 SeedDenny Hamlin
90%
#6 SeedKevin Harvick
88.8%
Hint Answer % Correct
#2 SeedKyle Larson
87.5%
#9 SeedRyan Blaney
87.5%
#11 SeedRyan Newman
87.5%
#8 SeedRicky Stenhouse Jr
86.3%
#15 SeedMatt Kenseth
85%
#13 SeedKasey Kahne
83.8%
#16 SeedJamie McMurray
83.8%
#14 SeedAustin Dillon
72.5%
Remove Ads.
Support Sporcle.
Get the best of Sporcle when you Go Orange. This ad-free experience offers more features, more stats, and more fun while also helping to support Sporcle. Thank you for becoming a member.

You're not logged in!

Compare scores with friends on all Sporcle quizzes.
OR
Log In

Show Comments

Extras

Created Sep 10, 2017ReportNominate
Tags:Nascar Driver

Top Quizzes Today


Score Distribution

Your Account Isn't Verified!

In order to create a playlist on Sporcle, you need to verify the email address you used during registration. Go to your Sporcle Settings to finish the process.

Report this User

Report this user for behavior that violates our Community Guidelines.

Details: